000
00332nam a22001457a 4500
008
221123b ||||| |||| 00| 0 eng d
020
_a
9781609137496
041
_a
eng
080
_2
10EDITION
_a
610.73
082
_a
610.73MOR
100
_a
8
101
_a
INF
245
_a
CRITICAL CARE NURSING
_c
MORTON GONCE
942
_2
udc
_c
BK
999
_c
59014
_d
59014